[Event "FRA-ch U16 Girls"]
[Site "Le Grand Bornand"]
[Date "2003.??.??"]
[Round "4.4"]
[White "Fraiberg, Charlotte"]
[Black "Buland, Cynthia"]
[Result "0-1"]
[WhiteElo "1994"]
[BlackElo "1830"]
[PlyCount "76"]
[EventDate "2003.??.??"]
[EventType "swiss"]
[EventRounds "9"]
[EventCountry "FRA"]
[SourceTitle "EXT 2004"]
[Source "ChessBase"]
[SourceDate "2003.11.25"]
[SourceVersion "1"]
[SourceVersionDate "2003.11.25"]
[SourceQuality "1"]

1. e4 c5 2. Nf3 Nc6 3. Bb5 e6 4. c3 Nge7 5. d4 cxd4 6. cxd4 a6 7. Ba4 b5 8. Bb3 d5 9. e5 Nf5 10. g4 Bb4+ 11. Nc3 Nh4 12. Nxh4 Qxh4 13. Be3 0-0 14. Qd2 Qxg4 15. Bd1 Qg2 16. Rf1 Na5 17. Bc2 Nc4 18. Qd3 Qg6 19. Qe2 Qg2 20. 0-0-0 Nxe3 21. Qxe3 Qg4 22. Rg1 Qh4 23. Rg3 f5 24. exf6 Qxf6 25. Rdg1 Ra7 26. Rh3 g6 27. Ne2 Bd6 28. Kb1 Rg7 29. Qh6 Bf4 30. Nxf4 Qxf4 31. Qxf4 Rxf4 32. Re3 Rxf2 33. Rc3 Bb7 34. h4 Rf4 35. Rgg3 Rxh4 36. Rge3 Re7 37. Re1 Kg7 38. Rd1 Rh2 0-1

[Event "FRA-ch U16 Girls"]
[Site "Hyeres"]
[Date "2002.??.??"]
[Round "3.7"]
[White "Fraiberg, Charlotte"]
[Black "Bodenez, Claire"]
[Result "0-1"]
[WhiteElo "1900"]
[BlackElo "1770"]
[PlyCount "76"]
[EventDate "2002.04.05"]
[EventType "swiss"]
[EventRounds "9"]
[EventCountry "FRA"]
[SourceTitle "EXT 2003"]
[Source "ChessBase"]
[SourceDate "2002.11.25"]
[SourceVersion "1"]
[SourceVersionDate "2002.11.25"]
[SourceQuality "1"]

1. Nf3 d5 2. g3 g6 3. Bg2 Bg7 4. d3 Nc6 5. Nbd2 Nf6 6. 0-0 h6 7. e4 e5 8. Re1 Be6 9. exd5 Nxd5 10. Nc4 f6 11. a4 Qd7 12. c3 0-0-0 13. Qc2 Bh3 14. Bh1 h5 15. a5 a6 16. b4 Nb8 17. Bd2 h4 18. Nb2 hxg3 19. fxg3 Qg4 20. Re4 Qh5 21. c4 Ne7 22. b5 Bg4 23. Bb4 Nf5 24. Qf2 Rh7 25. Rc1 Bh6 26. Rc2 Nd7 27. bxa6 bxa6 28. Rce2 Nb8 29. Bc5 Nc6 30. Rc2 Ncd4 31. Nxd4 exd4 32. Bxd4 Rxd4 33. Qe1 Rxe4 34. Qxe4 Be3+ 35. Kf1 Nxg3+ 36. hxg3 Qxh1+ 37. Qxh1 Rxh1+ 38. Kg2 Rg1+ 0-1

[Event "FRA-ch U16 Girls"]
[Site "Hyeres"]
[Date "2002.??.??"]
[Round "8.2"]
[White "Fraiberg, Charlotte"]
[Black "Verot, Melanie"]
[Result "1-0"]
[WhiteElo "1900"]
[BlackElo "2116"]
[PlyCount "56"]
[EventDate "2002.04.05"]
[EventType "swiss"]
[EventRounds "9"]
[EventCountry "FRA"]
[SourceTitle "EXT 2003"]
[Source "ChessBase"]
[SourceDate "2002.11.25"]
[SourceVersion "1"]
[SourceVersionDate "2002.11.25"]
[SourceQuality "1"]

1. e4 c5 2. Nf3 Nc6 3. d4 cxd4 4. Nxd4 Nf6 5. f3 e6 6. Nc3 d5 7. Bb5 Bd7 8. Bg5 dxe4 9. fxe4 Qb6 10. Bxf6 gxf6 11. Nb3 Bb4 12. Qd3 0-0-0 13. 0-0-0 Bxc3 14. bxc3 Ne5 15. Bxd7+ Rxd7 16. Qe2 Rc7 17. Qe1 Qa6 18. Kb1 Nc4 19. Rd3 Na3+ 20. Kb2 Nb5 21. Qd2 Na3 22. Ka1 Nc4 23. Qc1 Ne5 24. Rg3 Kb8 25. h4 Rhc8 26. Rhh3 Qe2 27. Nd2 Rd8 28. Nb3 Rd1 1-0

[Event "FRA-chT3"]
[Site "France"]
[Date "2001.??.??"]
[Round "8"]
[White "Fraiberg, Charlotte"]
[Black "Orsini, Patrick"]
[Result "0-1"]
[WhiteElo "1660"]
[BlackElo "1990"]
[PlyCount "98"]
[EventDate "2001.??.??"]
[EventType "team"]
[EventRounds "9"]
[EventCountry "FRA"]
[SourceTitle "EXT 2003"]
[Source "ChessBase"]
[SourceDate "2002.11.25"]
[SourceVersion "1"]
[SourceVersionDate "2002.11.25"]
[SourceQuality "1"]

1. Nf3 d5 2. g3 Nf6 3. Bg2 e6 4. 0-0 Bd6 5. d3 Nbd7 6. Nbd2 c6 7. e4 0-0 8. Re1 e5 9. h4 Re8 10. Nf1 dxe4 11. dxe4 Nc5 12. N3h2 Qc7 13. Bg5 Be7 14. h5 Ne6 15. Bd2 g6 16. h6 Bf8 17. c3 Qe7 18. Bf3 Nd7 19. Ng4 Ng5 20. Bg2 f5 21. exf5 gxf5 22. Nxe5 Nxe5 23. f4 Ngf7 24. fxe5 Bxh6 25. Bxh6 Nxh6 26. Qh5 Ng4 27. Ne3 Nxe3 28. Rxe3 Be6 29. Bh3 Rf8 30. Rf1 Qf7 31. Qg5+ Qg6 32. Qf4 Rf7 33. Re2 Raf8 34. b3 Kg7 35. Rg2 Qh6 36. Rh2 Qg6 37. c4 h6 38. Rg2 Qg5 39. Qd4 a6 40. Qf4 Kg6 41. Qd4 h5 42. Qd6 Qe7 43. Qd4 Rd8 44. Qf4 Qc5+ 45. Kh1 Qd4 46. Rh2 Qd3 47. Qh4 Rd4 48. g4 Rxg4 49. Bxg4 Qxf1# 0-1

[Event "FRA-chT3"]
[Site "Bastia"]
[Date "2001.??.??"]
[Round "?"]
[White "Fraiberg, Charlotte"]
[Black "Szymanski, Piotr"]
[Result "0-1"]
[WhiteElo "1800"]
[BlackElo "1790"]
[PlyCount "90"]
[EventDate "2001.??.??"]
[EventType "team"]
[EventRounds "9"]
[EventCountry "FRA"]
[SourceTitle "EXT 2003"]
[Source "ChessBase"]
[SourceDate "2002.11.25"]
[SourceVersion "1"]
[SourceVersionDate "2002.11.25"]
[SourceQuality "1"]

1. Nf3 d5 2. g3 Nf6 3. d3 e6 4. Bg2 Bd6 5. 0-0 0-0 6. Nbd2 Nc6 7. e4 dxe4 8. dxe4 e5 9. c3 Bg4 10. Re1 Qd7 11. Qc2 Bh3 12. Bh1 Bc5 13. Nc4 Ng4 14. Be3 Nxe3 15. Nxe3 Bxe3 16. Rxe3 Rad8 17. Ng5 Bg4 18. f3 Bh5 19. Bg2 Qd2 20. Qxd2 Rxd2 21. b3 Rfd8 22. Bf1 Rd1 23. Rxd1 Rxd1 24. Kf2 h6 25. Nh3 Kf8 26. Rd3 Ra1 27. Rd2 Rc1 28. c4 Bxf3 29. Kxf3 Rxf1+ 30. Kg2 Ra1 31. Kf3 Nd4+ 32. Kf2 Rh1 33. Ke3 Ke7 34. Kd3 Rf1 35. Kc3 c5 36. a3 Nxb3 37. Kxb3 Rf3+ 38. Ka4 Re3 39. Rd5 b6 40. Rxe5+ Kd6 41. Rd5+ Kc6 42. g4 a6 43. e5 b5+ 44. cxb5+ axb5+ 45. Ka5 Rxa3# 0-1